| 000 | 00493nam a2200181Ia 4500 | ||
|---|---|---|---|
| 001 | 11488 | ||
| 005 | 20260306162831.0 | ||
| 008 | 260306t1972||||xx |||||||||||||| ||spa|| | ||
| 041 | _aESP | ||
| 082 |
_a985.61 _bB25A |
||
| 100 |
_aBarra, Felipe de la Gral. _eAUT |
||
| 245 | 0 |
_aPrefacio a la historia política y militar peruana 1972: _bcon un apéndice justificativo |
|
| 260 | _c1972 | ||
| 300 |
_a104 páginas : _c25 cm. |
||
| 650 | _aGEN | ||
| 654 | _aCHU | ||
| 942 |
_cLIB _dJUS _fJUS _2ddc _n |
||
| 999 |
_c11488 _d11488 |
||